Rakovina pažeráka a žalúdka rady nielen pre postihnutých

Bibliographic Details
Format: Book
Language:Slovak
PhysicalDescription:55 s. 21 cm
Published: Bratislava Liga proti rakovine SR 2003
ISBN:(brož.)
Edition:2. vyd.
Subjects:

MARC

LEADER 00000nam a2200000 a 4500
001 vtls008155691
003 SK-MaSNL
005 20260301134927.0
008 050523s2003 xo g f 000 0 slo
015 |a SNBE2005/03-00778 
020 |a (brož.) 
040 |a SNK  |b slo  |c SNK  |e AACR2 
072 7 |a 616  |x Patológia. Klinická medicína  |2 konspekt 
080 |a 616.33-006.04  |2 MDT-MRF 
080 |a (036)  |2 MDT-MRF 
080 |a 616.329-006.04  |2 MDT-MRF 
245 0 0 |a Rakovina pažeráka a žalúdka  |b rady nielen pre postihnutých 
250 |a 2. vyd. 
260 |a Bratislava  |b Liga proti rakovine SR  |c 2003 
300 |a 55 s.  |c 21 cm 
650 0 7 |a rakovina pažeráka  |2 SNKPH  |9 75028 
650 0 7 |a rakovina žalúdka  |2 SNKPH  |9 75029 
655 7 |a informačné publikácie  |2 SNKPH  |9 70181 
655 7 |a zdravotnícka osveta  |2 SNKPH  |9 72803 
958 |a OND 
999 |c 758554  |d 760484 
952 |a SNK  |b SNK  |y PREZ  |7 0  |p 17A0471125  |o snkSC 119939  |i snk2005/8729  |8 0  |0 0  |1 0  |4 0  |d 2005-05-23  |l 0  |r 2025-05-29 00:00:00  |w 2026-02-23 
952 |a SNK  |b SNK  |y VYP  |7 0  |p 17A0747444  |o snkSC 119939 D1  |i snk2005/8731  |8 0  |0 0  |1 0  |4 0  |d 2005-05-23  |l 0  |r 2026-02-23 23:56:12  |w 2026-02-23